[Event "SR 2. liga A 2010/2011"]
[Site "?"]
[Date "2011.03.27"]
[Round "62.3"]
[White "Bury, Rastislav"]
[Black "Novak, Ivan"]
[Result "1/2-1/2"]
[WhiteElo "2187"]
[BlackElo "2233"]
[PlyCount "87"]
[EventDate "2010.??.??"]
[WhiteTeam "Slovakia"]
[BlackTeam "Slovakia"]
[WhiteTeamCountry "SVK"]
[BlackTeamCountry "SVK"]

1. d4 d5 2. Nf3 c5 3. g3 cxd4 4. Bg2 Qa5+ 5. Kf1 Nc6 6. Nxd4 Nxd4 7. Qxd4 e6 8.
c4 dxc4 9. Nd2 Qc5 10. Qxc5 Bxc5 11. Nxc4 Nf6 12. Bf3 Nd5 13. Kg2 b6 14. a3 Ba6
15. Ne3 Rd8 16. Nxd5 exd5 17. Rd1 O-O 18. Rxd5 Bxe2 19. Rxd8 Bxf3+ 20. Kxf3
Rxd8 21. Be3 Rd3 22. Ke4 Rb3 23. Bxc5 bxc5 24. Rd1 f5+ 25. Kxf5 Rxb2 26. Rd8+
Kf7 27. Rd7+ Kg8 28. f4 Rb6 29. Rxa7 c4 30. Rc7 Ra6 31. Rxc4 Rxa3 32. Rc8+ Kf7
33. Rc7+ Kg8 34. Kg5 h6+ 35. Kg4 Ra4 36. h4 Rb4 37. Kh3 Rb3 38. h5 Rb5 39. Kh4
Rb4 40. Rc6 Kf7 41. Kg4 Rb5 42. Rc7+ Kf6 43. Rc6+ Kf7 44. Rc7+ 1/2-1/2

[Event "SR 2. liga A 2010/2011"]
[Site "?"]
[Date "2011.03.27"]
[Round "62.4"]
[White "Dudas, Jan"]
[Black "Polasek, Filip"]
[Result "0-1"]
[WhiteElo "2216"]
[BlackElo "2113"]
[PlyCount "110"]
[EventDate "2010.??.??"]
[WhiteTeam "Slovakia"]
[BlackTeam "Slovakia"]
[WhiteTeamCountry "SVK"]
[BlackTeamCountry "SVK"]

1. e4 e5 2. Nf3 Nc6 3. Bb5 a6 4. Ba4 Nf6 5. d3 d6 6. O-O Be7 7. c3 O-O 8. Re1
Bg4 9. h3 Bh5 10. Nbd2 b5 11. Bb3 Na5 12. Bc2 c5 13. Nf1 Nc6 14. g4 Bg6 15. Ng3
d5 16. Qe2 d4 17. Nf5 Ne8 18. a3 f6 19. cxd4 cxd4 20. Bd2 Nd6 21. Bb3+ Bf7 22.
Qd1 Nxf5 23. exf5 Bd5 24. Rc1 Kh8 25. Nh4 Rc8 26. f4 Qd6 27. Bxd5 Qxd5 28. g5
fxg5 29. fxg5 Qf7 30. Qf3 Qe8 31. g6 hxg6 32. Qg3 Bxh4 33. Qxh4+ Kg8 34. fxg6
Qxg6+ 35. Kh1 Qxd3 36. Rcd1 Qf3+ 37. Kg1 Rf6 38. Qg4 Qxg4+ 39. hxg4 Rcf8 40. g5
Rf2 41. Re4 R8f5 42. Rg4 Ne7 43. g6 Nd5 44. Bc1 Kf8 45. Re1 Rc2 46. Rd1 Ke7 47.
Bg5+ Kd6 48. b4 Nc3 49. Re1 Kd5 50. Bh6 Ne2+ 51. Rxe2 Rxe2 52. Bxg7 d3 53. Bh6
Rf8 54. Rg3 e4 55. Rg5+ Ke6 0-1

[Event "SR 2. liga A 2010/2011"]
[Site "?"]
[Date "2011.03.27"]
[Round "62.5"]
[White "Pericka, Tomas"]
[Black "Kovacova, Zuzana"]
[Result "1-0"]
[WhiteElo "1966"]
[BlackElo "2129"]
[PlyCount "41"]
[EventDate "2010.??.??"]
[WhiteTeam "Slovakia"]
[BlackTeam "Slovakia"]
[WhiteTeamCountry "SVK"]
[BlackTeamCountry "SVK"]

1. e4 e5 2. f4 d5 3. exd5 Qxd5 4. Nc3 Qe6 5. fxe5 Qxe5+ 6. Be2 Nc6 7. Nf3 Qd6
8. O-O Nf6 9. d4 a6 10. Bg5 Be7 11. Kh1 O-O 12. Bxf6 Bxf6 13. Ne4 Qe7 14. Nxf6+
Qxf6 15. Bc4 Bg4 16. c3 Rad8 17. Qe1 Qd6 18. Qh4 Be6 19. Ng5 h6 20. Nxe6 fxe6
21. Qe4 1-0

[Event "SR 2. liga A 2010/2011"]
[Site "?"]
[Date "2011.03.27"]
[Round "62.6"]
[White "Duben, Igor"]
[Black "Jozefek, Michal"]
[Result "1-0"]
[WhiteElo "2182"]
[BlackElo "1899"]
[PlyCount "61"]
[EventDate "2010.??.??"]
[WhiteTeam "Slovakia"]
[BlackTeam "Slovakia"]
[WhiteTeamCountry "SVK"]
[BlackTeamCountry "SVK"]

1. Nf3 Nf6 2. c4 e6 3. g3 b6 4. Bg2 Bb7 5. O-O Be7 6. Nc3 O-O 7. Re1 d6 8. e4
Nbd7 9. d4 c5 10. d5 e5 11. Rf1 b5 12. cxb5 a6 13. Re1 axb5 14. Nxb5 Ba6 15.
Bf1 Qb6 16. a4 Ng4 17. Bg5 f6 18. Be3 Nxe3 19. Rxe3 f5 20. exf5 Rxf5 21. Bh3
Raf8 22. Bxf5 Rxf5 23. Qb3 Nf6 24. Nxe5 dxe5 25. d6+ Kf8 26. dxe7+ Kxe7 27. Qd3
Bc8 28. a5 Qc6 29. Na7 Qe6 30. Nxc8+ Qxc8 31. a6 1-0

[Event "SR 2. liga A 2010/2011"]
[Site "?"]
[Date "2011.03.27"]
[Round "62.7"]
[White "Diviak, Rastislav"]
[Black "Orosi, Peter"]
[Result "1/2-1/2"]
[WhiteElo "2014"]
[BlackElo "2004"]
[PlyCount "68"]
[EventDate "2010.??.??"]
[WhiteTeam "Slovakia"]
[BlackTeam "Slovakia"]
[WhiteTeamCountry "SVK"]
[BlackTeamCountry "SVK"]

1. e4 d5 2. exd5 Qxd5 3. Nc3 Qd6 4. d4 Nf6 5. Nf3 a6 6. Bd3 Bg4 7. Ne4 Nxe4 8.
Bxe4 Nc6 9. c3 f5 10. Bc2 g6 11. Qe2 O-O-O 12. Bd2 e5 13. dxe5 Bxf3 14. exd6
Bxe2 15. Kxe2 Bxd6 16. Rhd1 Rhe8+ 17. Kf1 Be7 18. Ba4 b5 19. Bb3 Bf6 20. Be3
Ne5 21. Bd4 Ng4 22. Bxf6 Nxf6 23. f3 c5 24. Rxd8+ Rxd8 25. Rd1 c4 26. Rxd8+
Kxd8 27. Bc2 Nd5 28. Kf2 Kc7 29. g4 f4 30. Be4 Ne3 31. Ke2 Kd6 32. g5 Ng2 33.
Kf2 Ne3 34. Ke2 Ng2 1/2-1/2

[Event "SR 2. liga A 2010/2011"]
[Site "?"]
[Date "2011.03.27"]
[Round "62.8"]
[White "Hajek, Lukas"]
[Black "Skapik, Branislav"]
[Result "1-0"]
[WhiteElo "1915"]
[BlackElo "1887"]
[PlyCount "71"]
[EventDate "2010.??.??"]
[WhiteTeam "Slovakia"]
[BlackTeam "Slovakia"]
[WhiteTeamCountry "SVK"]
[BlackTeamCountry "SVK"]

1. c4 c5 2. Nc3 Nf6 3. g3 Nc6 4. Bg2 g6 5. e4 Bg7 6. Nge2 d6 7. O-O O-O 8. d3
Rb8 9. a3 a6 10. Rb1 Bd7 11. b4 cxb4 12. axb4 b5 13. cxb5 axb5 14. d4 Qc8 15.
f4 Ne8 16. Be3 Nf6 17. Kh1 Bh3 18. Qd3 Bxg2+ 19. Kxg2 Ng4 20. Bg1 f5 21. d5 Nd8
22. Rbc1 Qd7 23. Nd4 Bxd4 24. Bxd4 e5 25. dxe6 Nxe6 26. Bg1 fxe4 27. Qxe4 Qb7
28. Rfe1 Qxe4+ 29. Rxe4 Kf7 30. Rd1 Nf6 31. Re2 Rfc8 32. Rxd6 Nxf4+ 33. gxf4
Rxc3 34. Bd4 Ne8 35. Rd7+ Kg8 36. Bxc3 1-0

[Event "SR 2. liga A 2010/2011"]
[Site "?"]
[Date "2011.03.27"]
[Round "63.1"]
[White "Bezuch, Martin"]
[Black "Pinter, Erik"]
[Result "1/2-1/2"]
[WhiteElo "2198"]
[BlackElo "2379"]
[PlyCount "78"]
[EventDate "2010.??.??"]
[WhiteTeam "Slovakia"]
[BlackTeam "Slovakia"]
[WhiteTeamCountry "SVK"]
[BlackTeamCountry "SVK"]

1. g3 c5 2. Bg2 Nc6 3. d3 g6 4. e4 Bg7 5. f4 Rb8 6. Nf3 b5 7. O-O d6 8. Nbd2
Nf6 9. Re1 O-O 10. h3 Nd7 11. g4 a5 12. Nf1 b4 13. h4 a4 14. a3 Qa5 15. Ne3 Qa7
16. Kh1 bxa3 17. Rxa3 Rxb2 18. c3 Rb1 19. Qc2 Rb3 20. Rxb3 axb3 21. Qxb3 Ba6
22. Qc2 Bb5 23. Bd2 Rb8 24. h5 Qa4 25. Qxa4 Bxa4 26. Ra1 Bb3 27. hxg6 hxg6 28.
Ra3 c4 29. d4 e6 30. Bf1 Nb6 31. f5 gxf5 32. gxf5 Bh6 33. Ng4 Bf8 34. Ra6 exf5
35. exf5 Ne7 36. Nf6+ Kg7 37. Nh5+ Kg8 38. Nf6+ Kg7 39. Nh5+ Kg8 1/2-1/2

[Event "SR 2. liga A 2010/2011"]
[Site "?"]
[Date "2011.03.27"]
[Round "63.2"]
[White "Madar, Martin"]
[Black "Peitl, Tomas"]
[Result "0-1"]
[WhiteElo "2117"]
[BlackElo "2171"]
[PlyCount "80"]
[EventDate "2010.??.??"]
[WhiteTeam "Slovakia"]
[BlackTeam "Slovakia"]
[WhiteTeamCountry "SVK"]
[BlackTeamCountry "SVK"]

1. e4 c5 2. c3 d5 3. exd5 Nf6 4. c4 e6 5. dxe6 Bxe6 6. Nc3 Nc6 7. Nf3 Be7 8.
Be2 O-O 9. O-O Qd7 10. d3 Rad8 11. Be3 Ng4 12. Bf4 Bd6 13. Bxd6 Qxd6 14. Ne4
Qc7 15. h3 Nge5 16. Nxe5 Qxe5 17. b3 Rd7 18. f4 Qd4+ 19. Kh1 f6 20. a3 b6 21.
Qc2 Ne7 22. g4 Nc6 23. Rae1 Bf7 24. g5 f5 25. Nc3 Rfd8 26. Qc1 Qd6 27. Nb5 Qb8
28. Bf3 Nd4 29. Nxd4 Rxd4 30. Be2 Be8 31. h4 Bc6+ 32. Kh2 Qc7 33. h5 h6 34.
gxh6 Qe7 35. Kh3 Rxd3+ 36. Bf3 Qf7 37. Re3 Bxf3 38. h7+ Kxh7 39. Rexf3 Qxh5+
40. Kg2 Qg4+ 0-1

[Event "SR 2. liga A 2010/2011"]
[Site "?"]
[Date "2011.03.27"]
[Round "63.3"]
[White "Sosovicka, Juraj"]
[Black "Hrivnak, Martin"]
[Result "1/2-1/2"]
[WhiteElo "2163"]
[BlackElo "2143"]
[PlyCount "56"]
[EventDate "2010.??.??"]
[WhiteTeam "Slovakia"]
[BlackTeam "Slovakia"]
[WhiteTeamCountry "SVK"]
[BlackTeamCountry "SVK"]

1. e4 g6 2. d4 Bg7 3. Nc3 d6 4. Be3 Nf6 5. Qd2 e5 6. Nge2 Ng4 7. Bg5 f6 8. Bh4
Nc6 9. h3 Nh6 10. f4 exd4 11. Nxd4 Nxd4 12. Qxd4 O-O 13. Bc4+ Kh8 14. O-O-O Bd7
15. Qd2 Qe8 16. Rhe1 Be6 17. Bd5 Bxd5 18. Nxd5 Qf7 19. g4 Rae8 20. Kb1 Ng8 21.
Qb4 f5 22. Bg3 fxe4 23. Rxe4 Rxe4 24. Qxe4 Re8 25. Qd3 c6 26. Nc3 d5 27. Rf1
Qe7 28. Re1 Qf7 1/2-1/2

[Event "SR 2. liga A 2010/2011"]
[Site "?"]
[Date "2011.03.27"]
[Round "63.4"]
[White "Lauf, Pavol"]
[Black "Oprea, Erik"]
[Result "0-1"]
[WhiteElo "2143"]
[BlackElo "2116"]
[PlyCount "78"]
[EventDate "2010.??.??"]
[WhiteTeam "Slovakia"]
[BlackTeam "Slovakia"]
[WhiteTeamCountry "SVK"]
[BlackTeamCountry "SVK"]

1. e3 e5 2. c4 c5 3. Nc3 Nc6 4. Nf3 f5 5. d3 Nf6 6. g3 g6 7. Bg2 Bg7 8. O-O O-O
9. a3 d6 10. Rb1 h6 11. b4 cxb4 12. axb4 Be6 13. b5 Ne7 14. Qe2 Qc8 15. Ba3 e4
16. Nd2 Ng4 17. d4 Qd7 18. Rfc1 Rac8 19. Na4 Bf7 20. c5 d5 21. Nb3 Qe6 22. Ra1
g5 23. h3 Nf6 24. c6 Bh5 25. Qd2 b6 26. Nac5 bxc5 27. Bxc5 Rc7 28. Bxa7 f4 29.
Bb6 Rcc8 30. Nc5 Qf7 31. Ra7 Bf3 32. Nd7 Qh5 33. exf4 Bxg2 34. Kxg2 gxf4 35.
Nxf6+ Rxf6 36. Rxe7 Qf3+ 37. Kh2 e3 38. fxe3 Qxg3+ 39. Kh1 Rg6 0-1

[Event "SR 2. liga A 2010/2011"]
[Site "?"]
[Date "2011.03.27"]
[Round "63.5"]
[White "Ochrana, Ladislav"]
[Black "Grich, Juraj"]
[Result "1/2-1/2"]
[WhiteElo "2072"]
[BlackElo "2027"]
[PlyCount "77"]
[EventDate "2010.??.??"]
[WhiteTeam "Slovakia"]
[BlackTeam "Slovakia"]
[WhiteTeamCountry "SVK"]
[BlackTeamCountry "SVK"]

1. d4 d5 2. Nf3 Nc6 3. Bf4 Bg4 4. Nbd2 e6 5. e3 Bd6 6. Bxd6 Qxd6 7. a3 Nge7 8.
c4 e5 9. cxd5 Qxd5 10. e4 Qd8 11. d5 Nd4 12. Qa4+ Bd7 13. Qc4 Bb5 14. Qc3 Bxf1
15. Rxf1 Nxf3+ 16. Nxf3 f6 17. Qb4 O-O 18. Rc1 Rf7 19. Qxb7 Ng6 20. g3 Rb8 21.
Qc6 Rb3 22. Nd2 Rxb2 23. Nc4 Rb8 24. Ne3 Rd7 25. Nf5 Ne7 26. Nxe7+ Rxe7 27. Ke2
f5 28. exf5 Rb2+ 29. Kf3 e4+ 30. Kg2 e3 31. Qc4 Kh8 32. f6 gxf6 33. Qd4 Rd2 34.
Qxf6+ Kg8 35. Qg5+ Kh8 36. Qf6+ Kg8 37. Qg5+ Kh8 38. Qf6+ Kg8 39. Qg5+ 1/2-1/2

[Event "SR 2. liga A 2010/2011"]
[Site "?"]
[Date "2011.03.27"]
[Round "63.7"]
[White "Prikler, Bruno"]
[Black "Chovanec, Vladimir"]
[Result "0-1"]
[WhiteElo "1962"]
[BlackElo "2082"]
[PlyCount "40"]
[EventDate "2010.??.??"]
[WhiteTeam "Slovakia"]
[BlackTeam "Slovakia"]
[WhiteTeamCountry "SVK"]
[BlackTeamCountry "SVK"]

1. g3 e5 2. Bg2 d5 3. d4 exd4 4. Qxd4 Be6 5. Nc3 Nf6 6. Bg5 Be7 7. O-O-O O-O 8.
h4 c5 9. Qa4 Nc6 10. Bxf6 Bxf6 11. Nxd5 Bxd5 12. Rxd5 Qb6 13. Qb3 Nb4 14. Rd7
c4 15. Qa3 c3 16. bxc3 Bxc3 17. e3 Rac8 18. Rxb7 Qd6 19. Rxb4 Qd2+ 20. Kb1 Bxb4
0-1

[Event "SR 2. liga A 2010/2011"]
[Site "?"]
[Date "2011.03.27"]
[Round "63.8"]
[White "Koutny, Pavel"]
[Black "Sosovicka, Matej"]
[Result "0-1"]
[WhiteElo "1834"]
[BlackElo "1932"]
[PlyCount "90"]
[EventDate "2010.??.??"]
[WhiteTeam "Slovakia"]
[BlackTeam "Slovakia"]
[WhiteTeamCountry "SVK"]
[BlackTeamCountry "SVK"]

1. e4 e5 2. Nf3 Nc6 3. Nc3 Nf6 4. Bb5 Nd4 5. Nxd4 exd4 6. e5 dxc3 7. exf6 Qxf6
8. dxc3 Qe5+ 9. Qe2 Qxe2+ 10. Bxe2 d5 11. O-O Bc5 12. Bf4 c6 13. Be5 O-O 14.
Bd3 Be6 15. Kh1 Bb6 16. Rae1 Rfe8 17. b3 Rad8 18. f4 f6 19. Bd4 c5 20. Bg1 Kf7
21. Bb5 Bd7 22. Bxd7 Rxd7 23. Rxe8 Kxe8 24. Re1+ Re7 25. Rxe7+ Kxe7 26. g4 g6
27. Kg2 Kd6 28. Kf3 Ba5 29. b4 cxb4 30. cxb4 Bxb4 31. Bxa7 Bc5 32. Bb8+ Kd7 33.
f5 gxf5 34. gxf5 Bd6 35. Ba7 Bxh2 36. Kg4 Be5 37. Kh5 Kc6 38. Be3 d4 39. Bd2
Kd5 40. Bh6 Ke4 41. Kg4 b5 42. Bd2 h5+ 43. Kxh5 Kxf5 44. Kh4 Ke4 45. Kh3 Kf3
0-1

[Event "SR 2. liga A 2010/2011"]
[Site "?"]
[Date "2011.03.27"]
[Round "64.1"]
[White "Frindt, Kornel"]
[Black "Kleman, Miroslav"]
[Result "1/2-1/2"]
[WhiteElo "2210"]
[BlackElo "2266"]
[PlyCount "24"]
[EventDate "2010.??.??"]
[WhiteTeam "Slovakia"]
[BlackTeam "Slovakia"]
[WhiteTeamCountry "SVK"]
[BlackTeamCountry "SVK"]

1. e4 d6 2. Nf3 Nf6 3. Nc3 e5 4. d4 Nbd7 5. Bc4 Be7 6. O-O c6 7. a4 O-O 8. a5
exd4 9. Nxd4 Nxe4 10. Nxe4 d5 11. Bd3 dxe4 12. Bxe4 a6 1/2-1/2

[Event "SR 2. liga A 2010/2011"]
[Site "?"]
[Date "2011.03.27"]
[Round "64.2"]
[White "Certek, Pavel"]
[Black "Janos, Ivan"]
[Result "1/2-1/2"]
[WhiteElo "2250"]
[BlackElo "2163"]
[PlyCount "99"]
[EventDate "2010.??.??"]
[WhiteTeam "Slovakia"]
[BlackTeam "Slovakia"]
[WhiteTeamCountry "SVK"]
[BlackTeamCountry "SVK"]

1. d4 Nf6 2. Nf3 g6 3. g3 Bg7 4. Bg2 O-O 5. O-O d6 6. c4 Nc6 7. b3 e5 8. Bb2
Bg4 9. dxe5 dxe5 10. h3 Bxf3 11. Bxf3 Qc8 12. Bg2 Rd8 13. Qc1 Nd4 14. Re1 e4
15. Bxd4 Rxd4 16. Nc3 Qe6 17. Qe3 Rad8 18. Rad1 c5 19. Qc1 a6 20. e3 Rd3 21.
Rxd3 Rxd3 22. Qc2 Qd6 23. Re2 h5 24. Nxe4 Nxe4 25. Bxe4 Rd1+ 26. Kg2 h4 27. g4
b5 28. Bd5 Ra1 29. Qe4 Qe5 30. Qxe5 Bxe5 31. f4 Bc3 32. Bb7 bxc4 33. bxc4 a5
34. g5 a4 35. Kf3 a3 36. Be4 Bb2 37. Bc2 Rxa2 38. Bb3 Ra1 39. Ke4 Rh1 40. Kd5
Rxh3 41. Kxc5 Bc1 42. Kd4 Kf8 43. c5 Ke7 44. c6 Kd8 45. Bxf7 Kc7 46. Bd5 Rg3
47. Re1 Bd2 48. Re2 Bc1 49. Kd3 h3 50. Kc2 1/2-1/2

[Event "SR 2. liga A 2010/2011"]
[Site "?"]
[Date "2011.03.27"]
[Round "64.4"]
[White "Fabry, Robert"]
[Black "Michal, Silvio"]
[Result "1/2-1/2"]
[WhiteElo "2190"]
[BlackElo "2094"]
[PlyCount "36"]
[EventDate "2010.??.??"]
[WhiteTeam "Slovakia"]
[BlackTeam "Slovakia"]
[WhiteTeamCountry "SVK"]
[BlackTeamCountry "SVK"]

1. e4 c6 2. d4 d5 3. e5 Bf5 4. Bd3 Bxd3 5. Qxd3 e6 6. f4 c5 7. c3 Nc6 8. Nf3 h5
9. Be3 cxd4 10. Nxd4 Nh6 11. O-O Nxd4 12. Bxd4 Nf5 13. Bf2 Qc7 14. Nd2 a6 15.
Nb3 Rc8 16. Rfc1 b5 17. Nd4 Nxd4 18. Bxd4 Qc4 1/2-1/2

[Event "SR 2. liga A 2010/2011"]
[Site "?"]
[Date "2011.03.27"]
[Round "64.5"]
[White "Syrovy, Ivan"]
[Black "Mikulas, Dusan"]
[Result "1/2-1/2"]
[WhiteElo "2071"]
[BlackElo "2122"]
[PlyCount "30"]
[EventDate "2010.??.??"]
[WhiteTeam "Slovakia"]
[BlackTeam "Slovakia"]
[WhiteTeamCountry "SVK"]
[BlackTeamCountry "SVK"]

1. e4 e5 2. Nf3 Nc6 3. Bb5 a6 4. Ba4 Nf6 5. O-O Be7 6. Re1 b5 7. Bb3 O-O 8. a4
b4 9. c3 bxc3 10. bxc3 d6 11. d4 Bg4 12. d5 Nb8 13. h3 Bxf3 14. Qxf3 Nbd7 15.
Be3 Re8 1/2-1/2

[Event "SR 2. liga A 2010/2011"]
[Site "?"]
[Date "2011.03.27"]
[Round "64.6"]
[White "Kolman, Richard"]
[Black "Srna, Jan"]
[Result "1/2-1/2"]
[WhiteElo "2107"]
[BlackElo "2047"]
[PlyCount "24"]
[EventDate "2010.??.??"]
[WhiteTeam "Slovakia"]
[BlackTeam "Slovakia"]
[WhiteTeamCountry "SVK"]
[BlackTeamCountry "SVK"]

1. d4 f5 2. Bg5 g6 3. Nc3 Bg7 4. e4 fxe4 5. Nxe4 Nf6 6. Bd3 c6 7. Nf3 d6 8. Qd2
Qb6 9. O-O-O Bg4 10. Bxf6 Bxf6 11. Qf4 Bxf3 12. Nxd6+ Kd7 1/2-1/2

[Event "SR 2. liga A 2010/2011"]
[Site "?"]
[Date "2011.03.27"]
[Round "64.7"]
[White "Zacik, Anton"]
[Black "Hefka, Vladimir"]
[Result "1-0"]
[WhiteElo "1990"]
[BlackElo "1991"]
[PlyCount "51"]
[EventDate "2010.??.??"]
[WhiteTeam "Slovakia"]
[BlackTeam "Slovakia"]
[WhiteTeamCountry "SVK"]
[BlackTeamCountry "SVK"]

1. e4 c5 2. d4 cxd4 3. c3 dxc3 4. Nxc3 e6 5. Nf3 Nc6 6. Bc4 Nge7 7. Bg5 f6 8.
Be3 Ng6 9. O-O Nge5 10. Nxe5 Nxe5 11. Bb3 Nf7 12. Rc1 Bd6 13. Qg4 O-O 14. f4
Qa5 15. Ne2 b6 16. e5 fxe5 17. f5 Bc5 18. Rxc5 bxc5 19. fxe6 dxe6 20. Bc2 Ba6
21. Ng3 Qb4 (21... Bxf1 22. Nh5 Ng5 23. Qxg5 (23. Bxg5 Bd3 $19) 23... Qc7 $19)
22. Qh5 Nh6 23. Rb1 Nf5 24. Nxf5 exf5 25. Bxf5 Rxf5 26. Qxf5 1-0

[Event "SR 2. liga A 2010/2011"]
[Site "?"]
[Date "2011.03.27"]
[Round "65.1"]
[White "Federic, Jozef"]
[Black "Matulik, Daniel"]
[Result "1-0"]
[WhiteElo "2283"]
[BlackElo "2148"]
[PlyCount "103"]
[EventDate "2010.??.??"]
[WhiteTeam "Slovakia"]
[BlackTeam "Slovakia"]
[WhiteTeamCountry "SVK"]
[BlackTeamCountry "SVK"]

1. d4 d5 2. c4 c6 3. Nf3 e6 4. Nc3 dxc4 5. g3 Nf6 6. Bg2 Nbd7 7. O-O Bb4 8. Qc2
O-O 9. Rd1 Qe7 10. Bf4 h6 11. e4 Bxc3 12. bxc3 b5 13. a4 Bb7 14. Bc1 Rfc8 15.
Ba3 Qd8 16. Nd2 Nb6 17. a5 Na4 18. Nxc4 bxc4 19. Qxa4 Ba6 20. Bc5 Qc7 21. Qa3
Re8 22. f4 Rad8 23. Re1 Rd7 24. Rab1 Rb8 25. Rxb8+ Qxb8 26. Bb4 Qb5 27. Bf3 Qb7
28. Qa2 Bb5 29. Qe2 Qc8 30. Kh1 Qc7 31. Qf1 Qc8 32. Bd1 Qb7 33. Bc2 Rd8 34. Kg1
Re8 35. Qf3 Qd7 36. Re2 Rc8 37. h3 Qc7 38. g4 Nd7 39. g5 hxg5 40. fxg5 e5 41.
Rf2 Nf8 42. dxe5 Ng6 43. Bd6 Qd7 44. Qf5 c5 45. e6 Qxe6 46. Qxe6 fxe6 47. e5
Be8 48. h4 Rc6 49. h5 Rxd6 50. exd6 Ne5 51. Bg6 Bd7 52. Rb2 1-0

[Event "SR 2. liga A 2010/2011"]
[Site "?"]
[Date "2011.03.27"]
[Round "65.2"]
[White "Manak, Jozef"]
[Black "Dugovic, Branislav"]
[Result "1/2-1/2"]
[WhiteElo "2032"]
[BlackElo "2152"]
[PlyCount "58"]
[EventDate "2010.??.??"]
[WhiteTeam "Slovakia"]
[BlackTeam "Slovakia"]
[WhiteTeamCountry "SVK"]
[BlackTeamCountry "SVK"]

1. e4 d5 2. exd5 Nf6 3. d4 Bg4 4. f3 Bf5 5. c4 e6 6. dxe6 Nc6 7. Be3 Bb4+ 8.
Nc3 Qe7 9. Bd3 Bxe6 10. Kf2 O-O-O 11. Nge2 Rhe8 12. Qd2 Bc5 13. Be4 Bxc4 14.
Bxc6 bxc6 15. Rhe1 Bb4 16. Nf4 Qd6 17. g3 c5 18. Rad1 cxd4 19. Qxd4 Qxd4 20.
Rxd4 Rxd4 21. Bxd4 Rd8 22. Be3 g5 23. Nfe2 h6 24. a3 Ba5 25. Rd1 Rxd1 26. Nxd1
Kb7 27. b4 Bb6 28. Bxb6 Kxb6 29. Nec3 Nd5 1/2-1/2

[Event "SR 2. liga A 2010/2011"]
[Site "?"]
[Date "2011.03.27"]
[Round "65.3"]
[White "Skara, Vladimir"]
[Black "Manak, Adrian"]
[Result "1-0"]
[WhiteElo "2161"]
[BlackElo "1909"]
[PlyCount "62"]
[EventDate "2010.??.??"]
[WhiteTeam "Slovakia"]
[BlackTeam "Slovakia"]
[WhiteTeamCountry "SVK"]
[BlackTeamCountry "SVK"]

1. e4 e6 2. d4 d5 3. Nc3 Bb4 4. e5 Ne7 5. a3 Bxc3+ 6. bxc3 c5 7. Qg4 Qc7 8. Bd2
cxd4 9. cxd4 Qxc2 10. Ne2 O-O 11. Nf4 Ng6 12. Bd3 Qb2 13. Nxg6 fxg6 14. Rb1
Qxa3 15. Ke2 Nc6 16. f3 b6 17. Rhc1 Nd8 18. Bb4 Qa2+ 19. Ke3 Rf5 20. Ra1 Qb2
21. Rcb1 Rxe5+ 22. dxe5 Qxe5+ 23. Kf2 Nc6 24. Bd2 Qxh2 25. Bf4 Qh5 26. Qxh5
gxh5 27. Rxb6 Bd7 28. Rb7 g5 29. Bxg5 Ne5 30. Bb1 Bc6 31. Bxh7+ Kf8 1-0

[Event "SR 2. liga A 2010/2011"]
[Site "?"]
[Date "2011.03.27"]
[Round "65.4"]
[White "Nemsak, Denis"]
[Black "Mydlarik, Martin"]
[Result "0-1"]
[WhiteElo "1791"]
[BlackElo "2136"]
[PlyCount "49"]
[EventDate "2010.??.??"]
[WhiteTeam "Slovakia"]
[BlackTeam "Slovakia"]
[WhiteTeamCountry "SVK"]
[BlackTeamCountry "SVK"]

1. c4 e5 2. Nf3 Nc6 3. Nc3 Nf6 4. d3 Be7 5. g3 d5 6. cxd5 Nxd5 7. Bd2 Be6 8.
Bg2 O-O 9. O-O Nxc3 10. Bxc3 f6 11. a3 Nd4 12. Nxd4 exd4 13. Bd2 c6 14. Qa4 a5
15. Rac1 Qb6 16. Bxc6 bxc6 17. Rxc6 Qb3 18. Qxd4 Qd5 19. Qc3 Bh3 20. e4 Qh5 21.
Qc4+ Kh8 22. e5 Bxf1 23. exf6 Bxf6 24. Kxf1 Qd1+ 25. Be1 0-1

[Event "SR 2. liga A 2010/2011"]
[Site "?"]
[Date "2011.03.27"]
[Round "65.5"]
[White "Kundrak, Vladimir"]
[Black "Strapko, Tomas"]
[Result "1-0"]
[WhiteElo "1961"]
[BlackElo "1892"]
[PlyCount "67"]
[EventDate "2010.??.??"]
[WhiteTeam "Slovakia"]
[BlackTeam "Slovakia"]
[WhiteTeamCountry "SVK"]
[BlackTeamCountry "SVK"]

1. e4 c5 2. Nf3 Nc6 3. d4 cxd4 4. c3 dxc3 5. Nxc3 d6 6. Bc4 Bg4 7. Bxf7+ Kxf7
8. Ng5+ Ke8 9. Qxg4 Ne5 10. Qe2 a6 11. f4 Nc6 12. Be3 Qd7 13. Nd5 Rc8 14. Nb6
Qc7 15. Ne6 Qb8 16. Nxc8 Qxc8 17. Nxf8 Kxf8 18. O-O Nf6 19. Qc4 Qg4 20. h3 Qg6
21. f5 Qe8 22. Bf4 Rg8 23. Rae1 Qh5 24. e5 g5 25. exf6 gxf4 26. fxe7+ Nxe7 27.
Rxf4 Qg5 28. Rg4 Qd2 29. Rxg8+ Nxg8 30. Qc8+ Kg7 31. Qc3+ Qxc3 32. bxc3 Kf6 33.
g4 Ne7 34. Re6+ 1-0

[Event "SR 2. liga A 2010/2011"]
[Site "?"]
[Date "2011.03.27"]
[Round "65.6"]
[White "Bincik, Pavol"]
[Black "Sustak, Roman"]
[Result "1-0"]
[WhiteElo "1909"]
[BlackElo "1966"]
[PlyCount "84"]
[EventDate "2010.??.??"]
[WhiteTeam "Slovakia"]
[BlackTeam "Slovakia"]
[WhiteTeamCountry "SVK"]
[BlackTeamCountry "SVK"]

1. d4 Nf6 2. c4 e6 3. Nc3 d5 4. Nf3 Bd6 5. Bg5 h6 6. Bxf6 Qxf6 7. cxd5 c6 8.
dxc6 Nxc6 9. e3 O-O 10. Bd3 a6 11. O-O Qe7 12. Rc1 Nb4 13. Bb1 b5 14. Be4 Bb7
15. Bxb7 Qxb7 16. a3 Nd5 17. Ne4 Bb8 18. Nc5 Qe7 19. Qb3 Rd8 20. Rc2 Nb6 21.
Rfc1 Bd6 22. Ne4 Bb8 23. Nfd2 Nd5 24. Rc6 Qb7 25. a4 Ne7 26. R6c5 Rd5 27. axb5
axb5 28. R5c2 Qd7 29. Nc5 Qc6 30. Nf3 Rh5 31. h3 Rxh3 32. Nxe6 Qe4 33. Nf4 Rxf3
34. gxf3 Qxf3 35. Qxb5 Bxf4 36. exf4 Qxf4 37. Qd3 Qg4+ 38. Kf1 Re8 39. Re2 Qh4
40. Qe4 Qh3+ 41. Ke1 Qb3 42. Rc7 Kf8 1-0

[Event "SR 2. liga A 2010/2011"]
[Site "?"]
[Date "2011.03.27"]
[Round "65.7"]
[White "Soldan, Jan"]
[Black "Slaby, Jozef"]
[Result "0-1"]
[WhiteElo "1884"]
[BlackElo "1865"]
[PlyCount "134"]
[EventDate "2010.??.??"]
[WhiteTeam "Slovakia"]
[BlackTeam "Slovakia"]
[WhiteTeamCountry "SVK"]
[BlackTeamCountry "SVK"]

1. e4 e6 2. d4 d5 3. e5 c5 4. c3 Nc6 5. Nf3 Nge7 6. Na3 a6 7. Nc2 Ng6 8. Be2
Be7 9. O-O O-O 10. Be3 cxd4 11. cxd4 Bd7 12. Qd2 Rc8 13. Rac1 Qa5 14. Qxa5 Nxa5
15. b3 Nc6 16. g3 Na7 17. h4 Nb5 18. a4 Nc3 19. Bd3 Rc6 20. Ra1 Rfc8 21. Rfc1
Rb6 22. Nd2 Rbc6 23. Kf1 f5 24. Nf3 Ne4 25. Nce1 Nc3 26. Bd2 h6 27. Rc2 Ne4 28.
Be3 Bb4 29. Rxc6 Rxc6 30. Rc1 Ne7 31. Rxc6 Nxc6 32. Nc2 Bc3 33. Ke2 Be8 34. Kf1
Bh5 35. Kg2 Kf8 36. Nfe1 Ba5 37. Bxe4 fxe4 38. f3 exf3+ 39. Nxf3 Bg6 40. Nfe1
Nb4 41. Bd2 Be4+ 42. Kf2 Nxc2 43. Bxa5 Nxd4 44. b4 Kf7 45. Bc7 Kg6 46. Ke3 Nc6
47. b5 axb5 48. axb5 Na7 49. b6 Nc6 50. Kf4 Kh5 51. Bd6 g5+ 52. hxg5 hxg5+ 53.
Ke3 Kg4 54. Kf2 Kf5 55. Nf3 Bxf3 56. Kxf3 g4+ 57. Ke3 Nxe5 58. Kd4 Nd7 59. Bc7
Kf6 60. Bd8+ Kf7 61. Bc7 Ke8 62. Ke3 Nf6 63. Kd4 Kd7 64. Ke5 Ne8 65. Bb8 Ke7
66. Kf4 Nf6 67. Ke5 Nd7+ 0-1

[Event "SR 2. liga A 2010/2011"]
[Site "?"]
[Date "2011.03.27"]
[Round "65.8"]
[White "Curidlo, Jan"]
[Black "Horvath, Marek"]
[Result "1/2-1/2"]
[WhiteElo "1827"]
[BlackElo "1820"]
[PlyCount "49"]
[EventDate "2010.??.??"]
[WhiteTeam "Slovakia"]
[BlackTeam "Slovakia"]
[WhiteTeamCountry "SVK"]
[BlackTeamCountry "SVK"]

1. e4 e5 2. Nf3 Nf6 3. Nc3 Bb4 4. d3 d5 5. exd5 Nxd5 6. Bd2 O-O 7. Nxd5 Bxd2+
8. Qxd2 Qxd5 9. Be2 Bg4 10. O-O e4 11. Ne1 Bxe2 12. Qxe2 Re8 13. dxe4 Rxe4 14.
Qd3 Qxd3 15. Nxd3 Nc6 16. Rfe1 Rae8 17. Kf1 Kf8 18. Rxe4 Rxe4 19. Re1 Rxe1+ 20.
Kxe1 Ke7 21. Ke2 Kd6 22. f4 f5 23. Ke3 Ne7 24. c4 c5 25. Ne5 1/2-1/2